=LDR 00000nam 2200000 4500 =001 INLIS000000000038558 =005 20130612144226 =008 ***********************************Ind** =035 ##$$0010-061300000038558 =041 ##$$a Ind =082 ##$$a 650 =090 ##$$a 650, Bul h =100 ##$$a Bulman, Rabbi Shabsi =245 ##$$a How make money like janish/ Rabbi Shabsi Bulman; Editor, Yatik =260 ##$$a 2010 $b Jogyakarta =300 ##$$a 156 hlm., 20 cm =650 ##$$a Bisnis =700 ##$$a Yatik =850 ##$$a NBPNMAT